00870nam a2200253 i 4500001000300000100002400003245014700027250001700174260007000191300003500261504002100296650002100317650001100338650002200349655003000371700002700401020001500428040000800443041000700451080000700458080001200465008004100477856009800518bg1 aPoprawski, Ryszard.00aĆwiczenia laboratoryjne z fizyki.nCz. 1,pPodstawy rachunku błędów i opracowania wyników /cRyszard Poprawski, Włodzimierz Salejda. aWyd. 2 popr. aWrocław :bOficyna Wydawnicza Politechniki Wrocławskiej,c1998. a97 s. :brys., wykr. ;c24 cm. aBibliogr. s. 72. 9aBłędyxteoria 9aFizyka 9aPomiaryxbłędy aPodręczniki akademickie1 aSalejda, Włodzimierz. a8370853455 cBPK0 apl a53 a(075.8) s pl f |000 0 pol  uhttp://koha.tu.koszalin.pl/cgi-bin/koha/opac-detail.pl?biblionumber=34058yKatalog online BPK